<?xml version="1.0" encoding="UTF-8"?>
<collection xmlns="http://www.loc.gov/MARC21/slim">
<record>
  <controlfield tag="001">156672</controlfield>
  <controlfield tag="005">20251017144613.0</controlfield>
  <datafield tag="024" ind1="7" ind2=" ">
    <subfield code="2">doi</subfield>
    <subfield code="a">10.5209/RIBE.101563</subfield>
  </datafield>
  <datafield tag="024" ind1="8" ind2=" ">
    <subfield code="2">sideral</subfield>
    <subfield code="a">143949</subfield>
  </datafield>
  <datafield tag="037" ind1=" " ind2=" ">
    <subfield code="a">ART-2025-143949</subfield>
  </datafield>
  <datafield tag="041" ind1=" " ind2=" ">
    <subfield code="a">spa</subfield>
  </datafield>
  <datafield tag="100" ind1=" " ind2=" ">
    <subfield code="a">Puente Cadena, Isabel</subfield>
    <subfield code="u">Universidad de Zaragoza</subfield>
    <subfield code="0">(orcid)0009-0001-9252-0577</subfield>
  </datafield>
  <datafield tag="245" ind1=" " ind2=" ">
    <subfield code="a">Las bibliotecas escolares: equipamientos, servicios, colección, perfil profesional y modelos de gestión en la comunidad autónoma de Aragón (España)</subfield>
  </datafield>
  <datafield tag="260" ind1=" " ind2=" ">
    <subfield code="c">2025</subfield>
  </datafield>
  <datafield tag="506" ind1="0" ind2=" ">
    <subfield code="a">Access copy available to the general public</subfield>
    <subfield code="f">Unrestricted</subfield>
  </datafield>
  <datafield tag="520" ind1="3" ind2=" ">
    <subfield code="a">En este artículo se realiza un análisis detallado sobre diversos aspectos de las bibliotecas escolares asentadas en la comunidad autónoma de Aragón, tales como los equipamientos, servicios, colección, perfil profesional de la persona responsable de la misma, y las diferentes modalidades de gestión que se observan en los centros educativos de la comunidad autónoma. La elaboración de este artículo se ha basado en la observación participante y en una exhaustiva revisión documental, en la que se han considerado estudios de referencia de gran importancia para Aragón. Tras analizar todos estos aspectos, se puede concluir que, en Aragón, aunque existen recomendaciones específicas que generalmente son seguidas por la mayoría de las bibliotecas escolares, los centros educativos disfrutan de una cierta autonomía y flexibilidad para adoptar diversas prácticas y modelos de gestión. Esto permite que puedan ofrecer servicios variados y de mayor calidad según los recursos económicos disponibles en cada centro, lo que genera una disparidad que podría corregirse a través de una distribución equitativa de los recursos por parte de las autoridades competentes.</subfield>
  </datafield>
  <datafield tag="540" ind1=" " ind2=" ">
    <subfield code="9">info:eu-repo/semantics/openAccess</subfield>
    <subfield code="a">by</subfield>
    <subfield code="u">https://creativecommons.org/licenses/by/4.0/deed.es</subfield>
  </datafield>
  <datafield tag="655" ind1=" " ind2="4">
    <subfield code="a">info:eu-repo/semantics/article</subfield>
    <subfield code="v">info:eu-repo/semantics/publishedVersion</subfield>
  </datafield>
  <datafield tag="700" ind1=" " ind2=" ">
    <subfield code="a">Agustín-Lacruz, María Carmen</subfield>
    <subfield code="u">Universidad de Zaragoza</subfield>
    <subfield code="0">(orcid)0000-0003-2577-1998</subfield>
  </datafield>
  <datafield tag="710" ind1="2" ind2=" ">
    <subfield code="1">3011</subfield>
    <subfield code="2">040</subfield>
    <subfield code="a">Universidad de Zaragoza</subfield>
    <subfield code="b">Dpto. Ciencias Doc. Hª Ciencia</subfield>
    <subfield code="c">Área Biblioteconomía y Docum.</subfield>
  </datafield>
  <datafield tag="773" ind1=" " ind2=" ">
    <subfield code="g">2 (2025), e101563 [11 pp.]</subfield>
    <subfield code="p">Rev. investig. bibl. educ. soc.</subfield>
    <subfield code="t">Revista de Investigación sobre Bibliotecas, Educación y Sociedad</subfield>
    <subfield code="x">3045-5685</subfield>
  </datafield>
  <datafield tag="856" ind1="4" ind2=" ">
    <subfield code="s">1915988</subfield>
    <subfield code="u">http://zaguan.unizar.es/record/156672/files/texto_completo.pdf</subfield>
    <subfield code="y">Versión publicada</subfield>
  </datafield>
  <datafield tag="856" ind1="4" ind2=" ">
    <subfield code="s">3004787</subfield>
    <subfield code="u">http://zaguan.unizar.es/record/156672/files/texto_completo.jpg?subformat=icon</subfield>
    <subfield code="x">icon</subfield>
    <subfield code="y">Versión publicada</subfield>
  </datafield>
  <datafield tag="909" ind1="C" ind2="O">
    <subfield code="o">oai:zaguan.unizar.es:156672</subfield>
    <subfield code="p">articulos</subfield>
    <subfield code="p">driver</subfield>
  </datafield>
  <datafield tag="951" ind1=" " ind2=" ">
    <subfield code="a">2025-10-17-14:18:15</subfield>
  </datafield>
  <datafield tag="980" ind1=" " ind2=" ">
    <subfield code="a">ARTICLE</subfield>
  </datafield>
</record>
</collection>